[Event "Russian Championship G15 2016"]
[Site "Loo"]
[Date "2016.04.27"]
[Round "8.10"]
[White "Titievskaya, Elizaveta"]
[Black "Pankova, Julia"]
[Result "0-1"]
[WhiteElo "1725"]
[BlackElo "1861"]
[PlyCount "102"]
[EventDate "2016.04.20"]

1. e4 c5 2. Nf3 a6 3. d4 cxd4 4. Nxd4 Nf6 5. Nc3 e5 6. Nf3 Nc6 7. Bg5 Be7 8.
Bxf6 Bxf6 9. Nd5 O-O 10. Bc4 b5 11. Bb3 Be7 12. O-O Bc5 13. c3 d6 14. Qd3 Be6
15. a4 b4 16. cxb4 Bxb4 17. Nxb4 Nxb4 18. Qc3 Bxb3 19. Qxb3 a5 20. Rfd1 Qe7 21.
Rac1 Rac8 22. Qe3 Rxc1 23. Rxc1 Qd7 24. b3 Rc8 25. h3 h6 26. Kh2 Rxc1 27. Qxc1
Nd3 28. Qe3 Nb4 29. Qb6 Nc6 30. Qb5 Qc7 31. Nd2 Nd4 32. Qc4 Qb6 33. Kg3 Qd8 34.
Kh2 Qb6 35. Kg1 Ne6 36. Qc3 Nd4 37. Kh2 Ne6 38. Qe3 Qb4 39. Kg3 Nc5 40. Kh2 Kh7
41. Kg1 f6 42. f3 Ne6 43. Nc4 Nd4 44. Kf2 Nxb3 45. Nxd6 Qxa4 46. Nf5 Nd4 47.
Nd6 Qa2+ 48. Kg3 a4 49. f4 Ne2+ 50. Kh2 Nxf4 51. Qa7 Qxg2# 0-1

[Event "Russian Championship G15 2016"]
[Site "Loo"]
[Date "2016.04.27"]
[Round "8.11"]
[White "Usacheva, Glafira"]
[Black "Garmash, Aliona"]
[Result "1-0"]
[WhiteElo "1808"]
[BlackElo "1763"]
[PlyCount "99"]
[EventDate "2016.04.20"]

1. e4 c6 2. d4 d5 3. Nc3 dxe4 4. Nxe4 Bf5 5. Ng3 Bg6 6. h4 h6 7. Nh3 e6 8. Nf4
Bh7 9. Bc4 Bd6 10. c3 Nf6 11. Bd3 Bxd3 12. Qxd3 Nbd7 13. Nfh5 Rg8 14. Nxf6+
Nxf6 15. Bd2 Qc7 16. Ne4 Nxe4 17. Qxe4 O-O-O 18. O-O-O Qa5 19. Kb1 Qd5 20. Qxd5
exd5 21. Rde1 Rge8 22. Kc2 Kd7 23. Kd3 h5 24. b3 Be7 25. g3 Bf6 26. f3 g6 27.
c4 Rc8 28. Bf4 b6 29. Rc1 Be7 30. Rc2 Bd6 31. Bxd6 Kxd6 32. Rhc1 Re6 33. c5+
Kd7 34. Re2 Rxe2 35. Kxe2 Re8+ 36. Kd3 b5 37. b4 a6 38. Ra1 Ke6 39. Re1+ Kd7
40. Rxe8 Kxe8 41. Ke3 f6 42. Kf4 Ke7 43. g4 Ke6 44. gxh5 gxh5 45. a3 Ke7 46.
Kf5 Kf7 47. f4 Ke7 48. Kg6 Ke6 49. f5+ Ke7 50. Kxh5 1-0

[Event "Russian Championship G15 2016"]
[Site "Loo"]
[Date "2016.04.27"]
[Round "8.12"]
[White "Smagina, Sofya"]
[Black "Shengeliya, Anastasiya"]
[Result "0-1"]
[WhiteElo "1800"]
[BlackElo "1752"]
[PlyCount "108"]
[EventDate "2016.04.20"]

1. Nf3 f5 2. d4 Nf6 3. g3 g6 4. Bg2 Bg7 5. O-O O-O 6. c4 d6 7. Nc3 e6 8. Qd3
Qe7 9. e4 Nc6 10. exf5 gxf5 11. Re1 e5 12. dxe5 Nxe5 13. Nxe5 dxe5 14. Bg5 c6
15. Rad1 e4 16. Qd6 Qf7 17. Bf1 Be6 18. Qb4 Ng4 19. Be2 Ne5 20. Qe7 Bxc4 21.
Qxf7+ Bxf7 22. Bf4 Nc4 23. Bxc4 Bxc4 24. Rd7 Rf7 25. Red1 Bxc3 26. bxc3 Bxa2
27. Rxf7 Bxf7 28. Rd7 b5 29. Rc7 a5 30. Bd6 a4 31. Ba3 Be8 32. Kg2 Rd8 33. h3
Rd2 34. Bc5 Rd5 35. Ba3 Bd7 36. Ra7 Kf7 37. c4 Rd3 38. cxb5 cxb5 39. Bb4 Ke6
40. g4 fxg4 41. hxg4 Ke5 42. Rc7 Kf4 43. Kf1 Rd1+ 44. Kg2 Kxg4 45. Rc5 Kf4 46.
Bc3 Kg4 47. Re5 Bc6 48. Rc5 Bd5 49. f3+ exf3+ 50. Kf2 Rd3 51. Rxb5 Bc4 52. Rb4
Rxc3 53. Rxa4 Rc2+ 54. Ke3 f2 0-1

[Event "Russian Championship G15 2016"]
[Site "Loo"]
[Date "2016.04.27"]
[Round "8.13"]
[White "Levicheva, Ekaterina"]
[Black "Badzgaradze, Elena"]
[Result "1/2-1/2"]
[WhiteElo "1766"]
[BlackElo "1692"]
[PlyCount "63"]
[EventDate "2016.04.20"]

1. e4 c6 2. d4 d5 3. Nc3 dxe4 4. Nxe4 Bf5 5. Ng3 Bg6 6. Nf3 Nd7 7. Bd3 Bxd3 8.
Qxd3 e6 9. Bf4 Ngf6 10. c4 Bb4+ 11. Bd2 Qa5 12. a3 Bxd2+ 13. Nxd2 O-O 14. b4
Qc7 15. O-O Rad8 16. Qc3 e5 17. dxe5 Nxe5 18. Nf3 Nxf3+ 19. Qxf3 Rd4 20. c5
Rfd8 21. Rad1 a5 22. Nf5 R4d5 23. Rfe1 Rxd1 24. Rxd1 axb4 25. axb4 Rxd1+ 26.
Qxd1 Qd7 27. Qxd7 Nxd7 28. Nd6 b6 29. Nc8 bxc5 30. Ne7+ Kf8 31. Nxc6 cxb4 32.
Nxb4 1/2-1/2

[Event "Russian Championship G15 2016"]
[Site "Loo"]
[Date "2016.04.27"]
[Round "8.14"]
[White "Kvachko, Anastasiya"]
[Black "Kurkova, Sofia"]
[Result "1-0"]
[WhiteElo "1831"]
[BlackElo "1700"]
[PlyCount "63"]
[EventDate "2016.04.20"]

1. e4 d5 2. Nc3 d4 3. Nce2 e5 4. Ng3 c5 5. Bc4 Nc6 6. d3 Nf6 7. N1e2 Bg4 8. h3
Bd7 9. O-O h5 10. Bg5 Be7 11. f4 Ng8 12. Qd2 f6 13. fxe5 Nxe5 14. Bxg8 Rxg8 15.
Bf4 h4 16. Nf5 Bxf5 17. exf5 Qd5 18. Qa5 g6 19. Bxe5 gxf5 20. Qb5+ Kf7 21. Nf4
Qxe5 22. Rae1 Qd6 23. Qc4+ Kg7 24. Re6 Qd7 25. Rfe1 Rae8 26. Qd5 Bd6 27. Nh5+
Kg6 28. Nxf6 Rxe6 29. Rxe6 Qc8 30. Nxg8+ Kg7 31. Qxd6 Kxg8 32. Rg6+ 1-0

[Event "Russian Championship G15 2016"]
[Site "Loo"]
[Date "2016.04.27"]
[Round "8.15"]
[White "Stroganova, Karina"]
[Black "Filippova, Margarita"]
[Result "1/2-1/2"]
[WhiteElo "1704"]
[BlackElo "1710"]
[PlyCount "80"]
[EventDate "2016.04.20"]

1. d4 Nf6 2. c4 e6 3. Nf3 Bb4+ 4. Bd2 Qe7 5. Nc3 O-O 6. g3 d6 7. Bg2 e5 8. a3
Bxc3 9. bxc3 Nc6 10. O-O Bd7 11. c5 exd4 12. cxd6 Qxd6 13. Bf4 Qe7 14. Nxd4
Nxd4 15. cxd4 c6 16. Qc2 Rac8 17. Qb2 Be6 18. Bg5 Rc7 19. Rfc1 Rd7 20. Rab1 h6
21. Bd2 Qd8 22. Bb4 Re8 23. Bc5 Bf5 24. Ra1 Qa5 25. e3 Ne4 26. a4 Bg6 27. Bb4
Qh5 28. a5 a6 29. Ra3 Ng5 30. h4 Ne4 31. Rb3 Qf5 32. Be1 Nd6 33. Kh2 Qf6 34.
Bb4 Nb5 35. Rc5 Rdd8 36. Rc1 Bf5 37. Rc5 Bg6 38. Rc1 Bf5 39. Rc5 Bg6 40. Rc1
Bf5 1/2-1/2

[Event "Russian Championship G15 2016"]
[Site "Loo"]
[Date "2016.04.27"]
[Round "8.16"]
[White "Yakushina, Ekaterina"]
[Black "Sargsyan, Anna"]
[Result "1-0"]
[WhiteElo "1637"]
[BlackElo "1783"]
[PlyCount "169"]
[EventDate "2016.04.20"]

1. d4 d5 2. Nf3 Nf6 3. c4 e6 4. g3 c5 5. cxd5 exd5 6. Bg2 Nc6 7. O-O Be6 8. Nc3
Be7 9. b3 O-O 10. Bb2 Qd7 11. dxc5 Bxc5 12. e3 Rfd8 13. Rc1 Be7 14. Re1 Bh3 15.
Bh1 Bf5 16. Nd4 Be4 17. Nxc6 bxc6 18. Nxe4 Nxe4 19. Bxe4 dxe4 20. Qxd7 Rxd7 21.
Bd4 Rc8 22. Rc4 c5 23. Rec1 Rdc7 24. b4 f5 25. bxc5 Rc6 26. Ra4 a6 27. Rb1 Bd8
28. Rb7 Bc7 29. Ra7 a5 30. Bc3 Rxc5 31. Bxa5 Rc1+ 32. Kg2 Be5 33. Bb6 Rd1 34.
R4a5 Re8 35. Bc7 Bc3 36. Rxf5 Rd7 37. Bb6 Rxa7 38. Bxa7 Ra8 39. Bc5 g6 40. Rf4
Rxa2 41. Rxe4 Be1 42. Rf4 Bc3 43. Bd4 Bd2 44. Rf6 Bb4 45. Rb6 Be1 46. Rb2 Ra8
47. Rb7 Ra2 48. e4 Re2 49. Be3 Bc3 50. Kf3 Re1 51. Rc7 Bg7 52. Rc1 Rxc1 53.
Bxc1 Kf7 54. Kg4 Bf6 55. Bg5 Bd4 56. f4 Bg1 57. Kf3 Ke6 58. h3 Bd4 59. g4 Bg7
60. Bd8 h6 61. Ke3 Bf8 62. f5+ gxf5 63. exf5+ Ke5 64. Bc7+ Kf6 65. Kf4 Bb4 66.
Be5+ Kf7 67. Bd4 Bd6+ 68. Be5 Bb4 69. Kf3 Be7 70. Kg3 Bb4 71. h4 Be1+ 72. Kh3
Bd2 73. Kg2 Be1 74. Bg3 Bd2 75. Kf3 Kf6 76. Bf4 Be1 77. Bxh6 Bxh4 78. Kf4 Be1
79. g5+ Kf7 80. g6+ Kg8 81. Ke5 Bc3+ 82. Ke6 Bh8 83. g7 Bxg7 84. Bxg7 Kxg7 85.
Ke7 1-0

[Event "Russian Championship G15 2016"]
[Site "Loo"]
[Date "2016.04.27"]
[Round "8.17"]
[White "Serditykh, Olesya"]
[Black "Alferova, Polina"]
[Result "1-0"]
[WhiteElo "1844"]
[BlackElo "1698"]
[PlyCount "117"]
[EventDate "2016.04.20"]

1. d4 Nf6 2. c4 g6 3. Nc3 d5 4. cxd5 Nxd5 5. e4 Nxc3 6. bxc3 Bg7 7. Bc4 c5 8.
Ne2 O-O 9. O-O cxd4 10. cxd4 Nc6 11. Be3 b6 12. Rc1 Bb7 13. f3 Rc8 14. Qd2 Na5
15. Bd3 Qd7 16. Qb2 Rfd8 17. Bb5 Bc6 18. Bxc6 Rxc6 19. Rxc6 Nxc6 20. Rd1 Na5
21. Rc1 Rc8 22. Rc2 Rxc2 23. Qxc2 Qc6 24. Qxc6 Nxc6 25. Kf2 Kf8 26. e5 Ke8 27.
Nc3 Kd7 28. f4 Bf8 29. d5 Nb4 30. Kf3 f6 31. Ke4 fxe5 32. fxe5 Bg7 33. e6+ Kd8
34. Bd4 Bh6 35. Nb5 Nxa2 36. Nxa7 Nc1 37. Bxb6+ Ke8 38. Nb5 Nb3 39. Nc7+ Kf8
40. h4 Bg7 41. Nb5 Bf6 42. g3 Nd2+ 43. Kd3 Nf3 44. Bd4 Nxd4 45. Nxd4 Be5 46. g4
Bg3 47. Nf3 Ke8 48. Ke4 Kd8 49. h5 gxh5 50. gxh5 Ke8 51. Ng5 Kf8 52. Nxh7+ Kg7
53. Ng5 Kh6 54. Nf7+ Kxh5 55. d6 Bxd6 56. Nxd6 Kg6 57. Ne8 Kh7 58. Kd5 Kg6 59.
Kc6 1-0

[Event "Russian Championship G15 2016"]
[Site "Loo"]
[Date "2016.04.27"]
[Round "8.18"]
[White "Mavrova, Kseniya"]
[Black "Strukova, Ksenia"]
[Result "1/2-1/2"]
[WhiteElo "1727"]
[BlackElo "1822"]
[PlyCount "107"]
[EventDate "2016.04.20"]

1. d4 Nf6 2. c4 d6 3. Nc3 e5 4. d5 g6 5. e4 Bg7 6. Nf3 Nh5 7. Be3 f5 8. exf5
Bxf5 9. Qb3 b6 10. Bg5 Qc8 11. Qa4+ Bd7 12. Qc2 a5 13. Bd3 Bf5 14. h3 Bxd3 15.
Qxd3 O-O 16. O-O Na6 17. Ne4 Nf4 18. Bxf4 Rxf4 19. Rfe1 h6 20. Ng3 Qe8 21. Ne4
Nb4 22. Qd2 Qd7 23. a3 Na6 24. b4 a4 25. Rac1 Raf8 26. Qc2 g5 27. Re3 Qe8 28.
Qd3 Nb8 29. Rce1 Nd7 30. R1e2 Qg6 31. Ned2 Qxd3 32. Rxd3 Re8 33. g3 Rf7 34. Ne4
Rb8 35. Nc3 Nf6 36. Kg2 Rbf8 37. Ne4 Nxe4 38. Rxe4 h5 39. Re2 g4 40. hxg4 hxg4
41. Ng5 Rf5 42. Ne6 R8f7 43. Nxg7 Kxg7 44. Rde3 Rf3 45. Kg1 Kg6 46. Kg2 Kg5 47.
Kg1 Rxe3 48. Rxe3 Rf3 49. Kf1 e4 50. Ke2 Kf6 51. Rxf3+ exf3+ 52. Kd3 Ke5 53. b5
Kf5 54. Kd4 1/2-1/2

[Event "Russian Championship G15 2016"]
[Site "Loo"]
[Date "2016.04.27"]
[Round "8.19"]
[White "Krikunova, Olesya"]
[Black "Litvinova, Kseniya"]
[Result "0-1"]
[WhiteElo "1756"]
[BlackElo "1616"]
[PlyCount "84"]
[EventDate "2016.04.20"]

1. d4 Nf6 2. c4 e6 3. Nf3 b6 4. a3 Bb7 5. Nc3 Be7 6. e3 O-O 7. Bd3 d6 8. O-O
Nbd7 9. e4 c5 10. d5 e5 11. Bd2 Ne8 12. Qc1 g6 13. Bg5 Ndf6 14. b4 Ng7 15. Rb1
Bc8 16. Re1 Nfh5 17. Bxe7 Qxe7 18. Bc2 f5 19. Ba4 a6 20. Qg5 Qc7 21. Bc6 Ra7
22. Qd2 Bd7 23. Bxd7 Qxd7 24. Qc2 fxe4 25. Nxe4 Rxf3 26. gxf3 Qh3 27. Ng5 Qh4
28. Kh1 Qxg5 29. Rg1 Qf6 30. Qd1 Rf7 31. bxc5 bxc5 32. Rb6 Nf5 33. Rxa6 Nf4 34.
Re1 Nh4 35. Qb3 Nh3 36. Qe3 Rd7 37. Re2 Rb7 38. Re1 Rb2 39. Rf1 Re2 40. Qd3 Qg5
41. Ra8+ Kg7 42. Ra7+ Kh6 0-1

[Event "Russian Championship G15 2016"]
[Site "Loo"]
[Date "2016.04.27"]
[Round "8.20"]
[White "Shevchuk, Margarita"]
[Black "Urvacheva, Arina"]
[Result "0-1"]
[WhiteElo "1636"]
[BlackElo "1750"]
[PlyCount "106"]
[EventDate "2016.04.20"]

1. e4 c5 2. c3 e6 3. d4 cxd4 4. cxd4 d5 5. exd5 exd5 6. Nf3 Nf6 7. Be2 Bd6 8.
Nc3 Nc6 9. Bg5 Be6 10. O-O O-O 11. Qb3 Na5 12. Qb5 Be7 13. b4 Nc6 14. Qxb7 Bxb4
15. Bxf6 Qxf6 16. Qxc6 Rac8 17. Nxd5 Rxc6 18. Nxf6+ gxf6 19. Rfd1 Bc3 20. Rac1
Bxa2 21. Rd3 Rfc8 22. d5 Rc5 23. d6 Ba5 24. Rxc5 Rxc5 25. d7 Rc1+ 26. Rd1 Rxd1+
27. Bxd1 Kf8 28. Nd4 Bb6 29. Nc6 Bd5 30. Nxa7 Bc7 31. Nc8 Bc6 32. Bg4 Bd5 33.
Bf5 Be6 34. Bxe6 fxe6 35. g3 e5 36. Nd6 Ke7 37. Ne4 f5 38. Ng5 h6 39. Nf3 Kxd7
40. Nh4 Ke6 41. Kg2 e4 42. Ng6 Kf7 43. Nf4 Bxf4 44. gxf4 Ke6 45. f3 exf3+ 46.
Kxf3 Kd5 47. Ke3 Kc4 48. h3 Kc3 49. Ke2 Kd4 50. Kd2 Ke4 51. Ke2 Kxf4 52. Kf2 h5
53. h4 Kg4 0-1

[Event "Russian Championship G15 2016"]
[Site "Loo"]
[Date "2016.04.27"]
[Round "8.21"]
[White "Granovskaya, Ekaterina"]
[Black "Chemborisova, Elina"]
[Result "0-1"]
[WhiteElo "1602"]
[BlackElo "1738"]
[PlyCount "88"]
[EventDate "2016.04.20"]

1. e4 e5 2. Nc3 Nf6 3. Nf3 d6 4. d4 exd4 5. Nxd4 Be7 6. Bf4 O-O 7. Be2 Nc6 8.
Qd2 Nxd4 9. Qxd4 Be6 10. O-O-O a6 11. f3 b5 12. Qd2 Rb8 13. Kb1 a5 14. Nd5 b4
15. Ka1 Nxd5 16. exd5 Bd7 17. g4 a4 18. g5 f5 19. h4 g6 20. h5 gxh5 21. Rxh5
Be8 22. Rh2 Bg6 23. Be3 Re8 24. f4 Bf8 25. Bd4 Qe7 26. Bf3 Bg7 27. Re2 Qd7 28.
Rde1 a3 29. Rxe8+ Bxe8 30. b3 Bg6 31. Kb1 Rb7 32. Re6 Bf7 33. Bxg7 Bxe6 34.
dxe6 Qxg7 35. c3 Rb8 36. cxb4 Qb2+ 37. Qxb2 axb2 38. a3 Kf8 39. Kxb2 Ke7 40.
Bd5 Rb6 41. a4 Rxb4 42. Bc4 c6 43. Kc3 Rb8 44. b4 d5 0-1

[Event "Russian Championship G15 2016"]
[Site "Loo"]
[Date "2016.04.27"]
[Round "8.22"]
[White "Znamenskaya, Darya"]
[Black "Bogdanova, Natalya"]
[Result "1/2-1/2"]
[WhiteElo "1589"]
[BlackElo "1806"]
[PlyCount "90"]
[EventDate "2016.04.20"]

1. d4 d5 2. c4 e6 3. Nc3 Nf6 4. cxd5 exd5 5. Bg5 Be7 6. e3 c6 7. Bd3 O-O 8. Nf3
h6 9. Bxf6 Bxf6 10. O-O Nd7 11. b4 Be7 12. Qb3 Nf6 13. b5 c5 14. dxc5 Bxc5 15.
Rfd1 Be6 16. Qb2 Qe7 17. Be2 Rac8 18. a3 Rfd8 19. Nd4 Bg4 20. Bxg4 Nxg4 21.
Nce2 Qh4 22. Nf4 Qxh2+ 23. Kf1 Qh4 24. Nf3 Qf6 25. Qxf6 Nxf6 26. a4 Bb6 27. Ne2
Rc2 28. Rdc1 Rdc8 29. Ne5 Ne4 30. Rd1 Nd2+ 31. Kg1 Nb3 32. Rab1 Nd2 33. Ra1 Ba5
34. Nd4 R2c7 35. Ra2 Rc1 36. Ra1 Rxa1 37. Rxa1 Ne4 38. Nb3 Bc3 39. Rc1 Rd8 40.
Nf3 Rd7 41. Rc2 Kf8 42. Nh4 Be5 43. Nf5 f6 44. f3 Nd6 45. Nc5 Rf7 1/2-1/2

[Event "Russian Championship G15 2016"]
[Site "Loo"]
[Date "2016.04.27"]
[Round "8.23"]
[White "Bogdanova, Darya"]
[Black "Eliseeva, Maia"]
[Result "0-1"]
[WhiteElo "1695"]
[BlackElo "1729"]
[PlyCount "84"]
[EventDate "2016.04.20"]

1. e4 c6 2. d4 d5 3. Nc3 dxe4 4. Nxe4 Nf6 5. Nxf6+ exf6 6. Nf3 Bg4 7. Be2 Bd6
8. c3 O-O 9. O-O Nd7 10. Be3 Rc8 11. Qc2 Bb8 12. h3 Bh5 13. g4 Bg6 14. Bd3 Qc7
15. Kg2 Rcd8 16. Rh1 Bxd3 17. Qxd3 Ne5 18. Qc2 Ng6 19. Rag1 Rfe8 20. Kf1 Qa5
21. g5 f5 22. b3 Qd5 23. Qd1 Bf4 24. Bxf4 Nxf4 25. Nd2 Re7 26. Nc4 Rde8 27. Ne3
Qe4 28. Rh2 Nd3 29. Ng2 Qe2+ 30. Qxe2 Rxe2 31. Ne3 R8xe3 32. fxe3 Rxh2 33. Rg2
Rxg2 34. Kxg2 Nc1 35. Kf3 Nxa2 36. c4 a5 37. d5 cxd5 38. cxd5 Kf8 39. e4 fxe4+
40. Kxe4 Ke7 41. Ke5 Nc1 42. d6+ Kd7 0-1

[Event "Russian Championship G15 2016"]
[Site "Loo"]
[Date "2016.04.27"]
[Round "8.25"]
[White "Tukaeva, Aida"]
[Black "Trofimova, Angelina"]
[Result "0-1"]
[WhiteElo "1572"]
[BlackElo "1635"]
[PlyCount "72"]
[EventDate "2016.04.20"]

1. e4 e5 2. Nf3 Nc6 3. Bb5 Bc5 4. O-O d6 5. h3 Nf6 6. d3 h6 7. c3 O-O 8. d4
exd4 9. cxd4 Bb6 10. Bxc6 bxc6 11. Nc3 Re8 12. Qc2 Be6 13. Be3 Qd7 14. Nh2 Nh7
15. Ne2 f5 16. f3 Nf6 17. Rad1 fxe4 18. fxe4 Bf7 19. Ng3 Bg6 20. Qb3+ Qe6 21.
Qc2 Nxe4 22. Nxe4 Bxe4 23. Qf2 Bxg2 24. Kxg2 Qxe3 25. Qf7+ Kh8 26. Rfe1 Qg5+
27. Kh1 Rxe1+ 28. Rxe1 Qd5+ 29. Qxd5 cxd5 30. Nf3 Rf8 31. Kg2 Rf4 32. Re7 Re4
33. Rd7 Re2+ 34. Kg3 Rxb2 35. a4 Rb4 36. Rd8+ Kh7 0-1

[Event "Russian Championship G15 2016"]
[Site "Loo"]
[Date "2016.04.27"]
[Round "8.27"]
[White "Gomzina, Alisa"]
[Black "Grubova, Sofia"]
[Result "1-0"]
[WhiteElo "1392"]
[BlackElo "1630"]
[PlyCount "86"]
[EventDate "2016.04.20"]

1. e4 c5 2. c3 d5 3. exd5 Qxd5 4. d4 Nf6 5. Nf3 Bg4 6. Be2 Nc6 7. O-O e6 8. h3
Bh5 9. Bf4 cxd4 10. cxd4 Bb4 11. a3 Ba5 12. b4 Bb6 13. Nc3 Qd7 14. Nb5 O-O 15.
Rc1 a6 16. Nd6 Bc7 17. Ne5 Qxd6 18. Bxh5 Nxh5 19. Qxh5 Qxd4 20. Nxc6 Qxf4 21.
Ne7+ Kh8 22. g3 Qd6 23. Qc5 Qxc5 24. bxc5 Rfe8 25. c6 Rxe7 26. cxb7 Rb8 27.
Rfd1 g6 28. Rb1 Ba5 29. Rd6 Rexb7 30. Rxb7 Rxb7 31. Rxa6 Bc3 32. a4 Rb1+ 33.
Kg2 Ra1 34. Ra7 Ra2 35. Rxf7 Rxa4 36. Re7 e5 37. g4 Ra2 38. Re8+ Kg7 39. Re7+
Kg8 40. Rc7 Bd4 41. Rc8+ Kg7 42. Rc7+ Kh6 43. Rf7 Kg5 1-0

[Event "Russian Championship G17 1st league 2016"]
[Site "Loo"]
[Date "2016.04.27"]
[Round "8.1"]
[White "Tukaeva, Adelya"]
[Black "Pivina, Mariya"]
[Result "0-1"]
[WhiteElo "1854"]
[BlackElo "1857"]
[PlyCount "60"]
[EventDate "2016.04.20"]

1. e4 c5 2. Nf3 e6 3. d4 cxd4 4. Nxd4 Nc6 5. Nc3 Qc7 6. Be3 a6 7. Qf3 Bd6 8.
O-O-O Be5 9. g3 Nxd4 10. Bxd4 Bxd4 11. Rxd4 Nf6 12. Qe2 Qe5 13. Rd2 b5 14. f4
Qc7 15. Kb1 b4 16. Nd1 Nxe4 17. Rd4 d5 18. Rxb4 O-O 19. Bg2 a5 20. Rb3 Ba6 21.
Qe1 Bc4 22. Ra3 Nd6 23. Qe5 Rfc8 24. Rf3 Rab8 25. g4 Bd3 26. Qc3 Bxc2+ 27. Kxc2
Qb6 28. f5 d4 29. Qxc8+ Rxc8+ 30. Kb1 Nc4 0-1

[Event "Russian Championship G17 1st league 2016"]
[Site "Loo"]
[Date "2016.04.27"]
[Round "8.2"]
[White "Kuznetsova, Darya"]
[Black "Fokina, Elina"]
[Result "1-0"]
[WhiteElo "1989"]
[BlackElo "1693"]
[PlyCount "53"]
[EventDate "2016.04.20"]

1. e4 e5 2. Nf3 Nc6 3. Bc4 Nf6 4. d4 exd4 5. e5 d5 6. Bb5 Ne4 7. Nxd4 Bd7 8.
Bxc6 bxc6 9. O-O Bc5 10. Be3 O-O 11. f3 Ng5 12. f4 Ne4 13. Nd2 Bxd4 14. Bxd4 c5
15. Nxe4 cxd4 16. Nc5 Bf5 17. Rc1 c6 18. Qxd4 Qa5 19. a3 Rab8 20. Rf3 Rb5 21.
b4 Qb6 22. c3 Qd8 23. Rg3 g6 24. Rd1 Qh4 25. Qf2 Qe7 26. Re1 Be6 27. f5 1-0

[Event "Russian Championship G17 1st league 2016"]
[Site "Loo"]
[Date "2016.04.27"]
[Round "8.3"]
[White "Grekhneva, Yana"]
[Black "Khan, Anastasia"]
[Result "1-0"]
[WhiteElo "1809"]
[BlackElo "1878"]
[PlyCount "55"]
[EventDate "2016.04.20"]

1. d4 d5 2. c4 c6 3. Nc3 Nf6 4. Nf3 e6 5. cxd5 exd5 6. Bg5 h6 7. Bh4 Be7 8. Qc2
Be6 9. e3 Nbd7 10. Bd3 O-O 11. h3 b5 12. O-O-O b4 13. Na4 c5 14. dxc5 Nxc5 15.
Nxc5 Rc8 16. Kb1 Rxc5 17. Qe2 Qa5 18. Nd4 Qb6 19. g4 a5 20. g5 hxg5 21. Bxg5 a4
22. Bxf6 Bxf6 23. Qh5 g6 24. Bxg6 fxg6 25. Qxg6+ Bg7 26. Nxe6 Rc7 27. Nxf8 Rc6
28. Qe8 1-0

[Event "Russian Championship G17 1st league 2016"]
[Site "Loo"]
[Date "2016.04.27"]
[Round "8.4"]
[White "Shkalikova, Marina"]
[Black "Kopovaya, Aleksandra"]
[Result "0-1"]
[WhiteElo "1823"]
[BlackElo "1919"]
[PlyCount "80"]
[EventDate "2016.04.20"]

1. d4 Nf6 2. Bf4 e6 3. e3 Be7 4. Nf3 O-O 5. h3 d5 6. Bd3 Nbd7 7. O-O b6 8. Nbd2
Bb7 9. Qe2 Rc8 10. a4 Bd6 11. Ne5 c5 12. Nxf7 Rxf7 13. Bxd6 c4 14. Nxc4 dxc4
15. Bxc4 Qe8 16. f3 Nf8 17. a5 Qc6 18. axb6 Qxd6 19. bxa7 Qb6 20. Bb5 Ra8 21.
c4 Bc8 22. c5 Qc7 23. b4 Nd5 24. e4 Nxb4 25. Qc4 Nc6 26. d5 exd5 27. exd5 Ne5
28. Qd4 Rxa7 29. d6 Qb8 30. Be8 Rf5 31. Rae1 Bd7 32. Bxd7 Nfxd7 33. Qd5+ Kh8
34. Qe4 Rf6 35. f4 Nxc5 36. Qxe5 Nd7 37. Qe7 Nf8 38. Qe5 Qxd6 39. Qxd6 Rxd6 40.
Re8 Kg8 0-1

[Event "Russian Championship G17 1st league 2016"]
[Site "Loo"]
[Date "2016.04.27"]
[Round "8.5"]
[White "Kolmychek, Evelina"]
[Black "Hilova, Evelina"]
[Result "1-0"]
[WhiteElo "2029"]
[BlackElo "1770"]
[PlyCount "103"]
[EventDate "2016.04.20"]

1. e4 c6 2. d4 d5 3. Nc3 dxe4 4. Nxe4 Nf6 5. Nxf6+ gxf6 6. c3 Bf5 7. g3 Qd5 8.
Nf3 e6 9. Bg2 Qc4 10. Bf4 Qd3 11. Qb3 Be4 12. Qxb7 c5 13. Qc8+ Ke7 14. Qxc5+
Ke8 15. Qc8+ Ke7 16. Rd1 Qb5 17. Qc7+ Nd7 18. b3 Bg7 19. Bd6+ Ke8 20. c4 Qb7
21. Qxb7 Bxb7 22. O-O Bf8 23. Bxf8 Kxf8 24. Ne5 Bxg2 25. Nxd7+ Ke7 26. Kxg2
Kxd7 27. Rfe1 Rhd8 28. Re4 Kc6 29. Rde1 Rd7 30. Rh4 Rh8 31. d5+ exd5 32. cxd5+
Rxd5 33. Rf4 Rd7 34. Rxf6+ Kc7 35. Re4 Kd8 36. Ra6 Re8 37. Rxe8+ Kxe8 38. h4
Kf8 39. b4 Rb7 40. a3 Kg7 41. Kf3 Re7 42. b5 Rb7 43. a4 Re7 44. Kg4 Rb7 45. f4
Rc7 46. Kg5 Rc5+ 47. f5 Rc7 48. f6+ Kg8 49. Kh6 Rb7 50. a5 Rxb5 51. Rxa7 Rb8
52. a6 1-0

[Event "Russian Championship G17 1st league 2016"]
[Site "Loo"]
[Date "2016.04.27"]
[Round "8.6"]
[White "Tsepilova, Serafima"]
[Black "Demchenko, Alisa"]
[Result "0-1"]
[WhiteElo "1766"]
[BlackElo "1822"]
[PlyCount "114"]
[EventDate "2016.04.20"]

1. e4 c6 2. Nc3 d5 3. Qe2 dxe4 4. Nxe4 g6 5. d3 Bg7 6. g3 Na6 7. Bg2 Nc5 8. f4
Nxe4 9. dxe4 Qa5+ 10. Qd2 Qxd2+ 11. Kxd2 e5 12. c3 Be6 13. Nf3 exf4 14. gxf4
O-O-O+ 15. Kc2 Nf6 16. Ng5 Bc4 17. e5 Ng4 18. Bh3 h5 19. Rg1 Bh6 20. Rg2 Kc7
21. Bxg4 hxg4 22. Be3 Bxg5 23. fxg5 Rh3 24. Bf4 Rf3 25. Bg3 Be6 26. Rf2 Rfd3
27. Re1 c5 28. b3 Kc6 29. Ree2 Bf5 30. Kb2 b5 31. Bf4 a5 32. a3 c4 33. b4 axb4
34. axb4 Rd1 35. Bc1 R8d5 36. Re3 Rh1 37. Rd2 Rxd2+ 38. Bxd2 Rxh2 39. Kc1 Kd5
40. Kd1 Be4 41. Rg3 Kxe5 42. Ke1 Bf3 43. Be3 Ke4 44. Bd4 Kf4 45. Rg1 Kxg5 46.
Bc5 Rc2 47. Bd4 Kf4 48. Kf1 g3 49. Ke1 Re2+ 50. Kd1 Rg2+ 51. Ke1 Rc2 52. Bc5
Rc1+ 53. Kd2 Rxg1 54. Bxg1 Bg4 55. Ke1 Kf3 56. Kf1 Bh3+ 57. Ke1 Kg2 0-1

[Event "Russian Championship G17 1st league 2016"]
[Site "Loo"]
[Date "2016.04.27"]
[Round "8.7"]
[White "Petrova, Marija"]
[Black "Danilova, Rada"]
[Result "1-0"]
[WhiteElo "1697"]
[BlackElo "1808"]
[PlyCount "129"]
[EventDate "2016.04.20"]

1. e4 c5 2. Nf3 e6 3. d4 cxd4 4. Nxd4 a6 5. Bd3 Bc5 6. Nb3 Be7 7. Qg4 Bf6 8. c3
Nc6 9. Qe2 Nge7 10. Bf4 Ng6 11. Bg3 d6 12. O-O O-O 13. N1d2 b5 14. Nf3 Nce5 15.
Rad1 Qc7 16. Nxe5 dxe5 17. f3 Bb7 18. a3 Be7 19. c4 b4 20. axb4 Qb6+ 21. Bf2
Qxb4 22. Qc2 Bc6 23. Nc1 Rab8 24. b3 Nf4 25. Qa2 a5 26. Bc2 Rfd8 27. Be1 Qb6+
28. Kh1 Rxd1 29. Bxd1 Bb4 30. Bf2 Qd8 31. Qc2 h6 32. g3 Nh3 33. Be3 Ng5 34. Nd3
Bd6 35. c5 Bc7 36. Nb2 Qf6 37. Be2 Qg6 38. Bd3 Rd8 39. Kg2 Qf6 40. h4 Nh7 41.
Ra1 Qe7 42. Nc4 Qd7 43. Be2 f5 44. Rd1 Qe7 45. Rxd8+ Qxd8 46. exf5 Nf6 47. fxe6
Nd5 48. Bf2 Qf6 49. Nb6 Qxe6 50. Bc4 Bxb6 51. cxb6 Bb7 52. Qd2 Kh8 53. Qxa5 Qc6
54. Bxd5 Qxd5 55. Qxd5 Bxd5 56. Bc5 e4 57. fxe4 Bxe4+ 58. Kf2 h5 59. Ke3 Bc6
60. Kd4 Kg8 61. Ke5 Kf7 62. Kd6 Bf3 63. Kc7 Kf6 64. b7 Bxb7 65. Kxb7 1-0

[Event "Russian Championship G17 1st league 2016"]
[Site "Loo"]
[Date "2016.04.27"]
[Round "8.8"]
[White "Samchenko, Serafima"]
[Black "Vorobyova, Valeriya"]
[Result "0-1"]
[WhiteElo "1706"]
[BlackElo "1784"]
[PlyCount "88"]
[EventDate "2016.04.20"]

1. e4 c5 2. c3 d5 3. exd5 Qxd5 4. d4 Nf6 5. Nf3 Bg4 6. Be2 Nc6 7. c4 Qd8 8. d5
Nb8 9. Nc3 g6 10. O-O Bg7 11. Bf4 O-O 12. Nb5 Na6 13. Qc1 Nh5 14. Bg5 Qd7 15.
Rd1 Nc7 16. d6 exd6 17. Rxd6 Qc8 18. h3 Be6 19. Nc3 b6 20. Nh4 Be5 21. Bxh5
Bxd6 22. Bf3 Rb8 23. Ne4 Ne8 24. Nxd6 Nxd6 25. Be7 Qd7 26. Bxf8 Rxf8 27. b3 Qe7
28. g3 Bxh3 29. Qh6 Qf6 30. Rd1 Bc8 31. g4 Rd8 32. Kg2 Bb7 33. Rh1 Qg7 34. Qg5
Bxf3+ 35. Nxf3 Re8 36. Qd5 Qf8 37. g5 Nf5 38. a3 Re2 39. Kf1 Qe7 40. Qa8+ Kg7
41. Qd5 Ra2 42. Qd3 Nd4 43. Rg1 Nxf3 44. Qxf3 Ra1+ 0-1